000
00300nam a22001337a 4500
008
171016b xxu||||| |||| 00| 0 eng d
020
_a
0132337010
041
_a
eng
080
_a
33
100
_a
52
101
_a
EKO
245
_a
THE ECONOMICS OF WOMEN, MEN AND WORK
_c
BLAU,F.D
942
_2
udc
_c
BK
999
_c
34059
_d
34059